00974nam a2200229 a 450000100100000000500170001000800410002704000250006808200150009310000270010824501130013526000360024849000180028450000510030250001360035353400520048970000330054183400310057404900090060595201130061499900170072700002321620200930022051.0101130s1968 sp r 000 | spa d aDO-SdBNPbspacBNPHU axxxbC524v1 aChesneaux, Jean94779610aVietnam :bun pueblo en lucha : pasado, presente, futuro /cJean Chesneaux; traducción de Roser Berdaguer. aBarcelona :bFontanella,c1968. aInforme ;v18 aIncluye notas y referencia al pie de páginas aIncluye lista de titulos de las colecciones Pensamiento, Informes, Aventura Humana, Sexualidad y educación, y Ciencias del Hombre aTítulo original :tPerche il Vietanam resiste1 aBerdaguer, Roseretr.947797 aPerche il Vietanam resiste aBNGR 001050718MOaGRbGRcCTd2010-11-30iLF1l0oxxx C524vp23216-10r2020-06-25w2020-06-25y1ZNo se presta c22713d22713